<?xml version="1.0" encoding="UTF-8"?>
<collection xmlns:xsi="http://www.w3.org/2001/XMLSchema-instance" xsi:schemaLocation="http://www.loc.gov/MARC21/slim http://www.loc.gov/standards/marcxml/schema/MARC21slim.xsd" xmlns="http://www.loc.gov/MARC21/slim">
 <record>
  <leader>00000nam a22000004a 4500</leader>
  <controlfield tag="001">UP-1686042739784957045</controlfield>
  <controlfield tag="003">Buklod</controlfield>
  <controlfield tag="005">20241114154029.0</controlfield>
  <controlfield tag="006">m     |  | |      </controlfield>
  <controlfield tag="007">ta</controlfield>
  <controlfield tag="008">241114s2019    ph a    rb   |00| 0|eng d</controlfield>
  <datafield tag="020" ind1=" " ind2=" ">
   <subfield code="a">9786214091232</subfield>
  </datafield>
  <datafield tag="037" ind1=" " ind2=" ">
   <subfield code="a">BC-74709</subfield>
   <subfield code="b">SERV Enterprises</subfield>
   <subfield code="c">Php550.00</subfield>
   <subfield code="n">Department of Language, Literature, and the Arts</subfield>
  </datafield>
  <datafield tag="040" ind1=" " ind2=" ">
   <subfield code="a">DML</subfield>
   <subfield code="d">BAG</subfield>
   <subfield code="e">rda</subfield>
  </datafield>
  <datafield tag="041" ind1="0" ind2=" ">
   <subfield code="a">eng</subfield>
  </datafield>
  <datafield tag="090" ind1=" " ind2="0">
   <subfield code="a">BC 59</subfield>
   <subfield code="b">B84 2019</subfield>
  </datafield>
  <datafield tag="100" ind1="1" ind2=" ">
   <subfield code="a">Buenaflor, Lionel E.</subfield>
   <subfield code="e">author.</subfield>
  </datafield>
  <datafield tag="245" ind1="1" ind2="4">
   <subfield code="a">The art of critical thinking</subfield>
   <subfield code="b">logic for Filipino students</subfield>
   <subfield code="c">Lionel E. Buenaflor.</subfield>
  </datafield>
  <datafield tag="250" ind1=" " ind2=" ">
   <subfield code="a">Fourth edition.</subfield>
  </datafield>
  <datafield tag="264" ind1=" " ind2="1">
   <subfield code="a">Mandaluyong City</subfield>
   <subfield code="b">Books Atbp. Publishing Corp.</subfield>
   <subfield code="c">[2019]</subfield>
  </datafield>
  <datafield tag="300" ind1=" " ind2=" ">
   <subfield code="a">xiv, 309 pages</subfield>
   <subfield code="b">illustrations</subfield>
   <subfield code="c">23 cm</subfield>
  </datafield>
  <datafield tag="336" ind1=" " ind2=" ">
   <subfield code="a">text</subfield>
   <subfield code="2">rdacontent</subfield>
  </datafield>
  <datafield tag="337" ind1=" " ind2=" ">
   <subfield code="a">unmediated</subfield>
   <subfield code="2">rdamedia</subfield>
  </datafield>
  <datafield tag="338" ind1=" " ind2=" ">
   <subfield code="a">volume</subfield>
   <subfield code="2">rdacarrier</subfield>
  </datafield>
  <datafield tag="504" ind1=" " ind2=" ">
   <subfield code="a">Includes bibliographical references (pages 307-309)</subfield>
  </datafield>
  <datafield tag="505" ind1="0" ind2=" ">
   <subfield code="a">Chapter 0: Introduction to philosophy -- Chapter 1: Introduction to logic -- Chapter 2: Problem solving -- Chapter 3: The divisions of logic -- Chapter 4: The informal fallacies -- Chapter 5: Logic of terms -- Chapter 6: Supposition &amp; definition of terms -- Chapter 7: Logic of propositions -- Chapter 8: Logical opposition -- Chapter 9: Education -- Chapter 10: Logic of arguments -- Chapter 11: Reduction -- Chapter 12: Hypothetical syllogism -- Chapter 13: Special kinds of syllogism -- Chapter 14: Symbolic notation -- Chapter 15: The method of deduction -- Chapter 16: Polish notation -- Chapter 17: Logical and moral reasoning.</subfield>
  </datafield>
  <datafield tag="520" ind1=" " ind2=" ">
   <subfield code="a">&quot;The book teaches the students the proper method of making critical analysis for the purpose of obtaining the truth. This new edition is focused on a more detailed approach to the understanding of logic. It highlights the logic of arguments to provide the students a better training on reasoning. This book intends to help the students develop a more fruitful reasoning process by making them understand the importance of using logical reasoning in their everyday life. In this regard, classroom exercises and activities are improved in this edition for the purpose of better understanding the critical thinking processes and, eventually, for a better result. &quot;--Preface.</subfield>
  </datafield>
  <datafield tag="650" ind1=" " ind2="0">
   <subfield code="a">Logic</subfield>
   <subfield code="x">Study and teaching.</subfield>
  </datafield>
  <datafield tag="650" ind1=" " ind2="0">
   <subfield code="a">Reasoning</subfield>
   <subfield code="x">Study and teaching.</subfield>
  </datafield>
  <datafield tag="650" ind1=" " ind2="0">
   <subfield code="a">Critical thinking</subfield>
   <subfield code="v">Study and teaching.</subfield>
  </datafield>
  <datafield tag="905" ind1=" " ind2=" ">
   <subfield code="a">FI</subfield>
  </datafield>
  <datafield tag="852" ind1="0" ind2=" ">
   <subfield code="a">UPBAG</subfield>
   <subfield code="b">UPBAG-MAIN</subfield>
   <subfield code="h">BC 59</subfield>
   <subfield code="i">B84 2019</subfield>
  </datafield>
  <datafield tag="942" ind1=" " ind2=" ">
   <subfield code="a">Book</subfield>
  </datafield>
 </record>
</collection>
